INA MAY'S guide to childbirth/ (Record no. 60337)

MARC details
000 -LEADER
fixed length control field 00598nam a2200205 4500
005 - DATE AND TIME OF LATEST TRANSACTION
control field 20260413092809.0
008 - FIXED-LENGTH DATA ELEMENTS--GENERAL INFORMATION
fixed length control field 260413b |||||||| |||| 00| 0 eng d
020 ## - INTERNATIONAL STANDARD BOOK NUMBER
International Standard Book Number 9780553381153
050 ## - LIBRARY OF CONGRESS CALL NUMBER
Classification number RG661
Item number .G37 2003
100 ## - MAIN ENTRY--PERSONAL NAME
Personal name Gaskin, Ina May
245 ## - TITLE STATEMENT
Title INA MAY'S guide to childbirth/
260 ## - PUBLICATION, DISTRIBUTION, ETC. (IMPRINT)
Place of publication, distribution, etc New York:
Name of publisher, distributor, etc Bantam Books Trade Paperbacks/
Date of publication, distribution, etc 2003
300 ## - PHYSICAL DESCRIPTION
Extent 347 p.:
Dimensions 23 cm
500 ## - GENERAL NOTE
General note Includes bibliographical references and index
650 ## - SUBJECT ADDED ENTRY--TOPICAL TERM
Topical term or geographic name as entry element ina may's guide to child birth
650 ## - SUBJECT ADDED ENTRY--TOPICAL TERM
Topical term or geographic name as entry element Natural childbirth.
650 ## - SUBJECT ADDED ENTRY--TOPICAL TERM
Topical term or geographic name as entry element Pregnancy.
650 ## - SUBJECT ADDED ENTRY--TOPICAL TERM
Topical term or geographic name as entry element Midwifery.
942 ## - ADDED ENTRY ELEMENTS (KOHA)
Source of classification or shelving scheme Library of Congress Classification
Item type Book
Holdings
Withdrawn status Lost status Source of classification or shelving scheme Damaged status Not for loan Collection code Home library Current library Shelving location Date acquired Source of acquisition Cost, normal purchase price Total Checkouts Full call number Barcode Date last seen Copy number Price effective from Koha item type
    Library of Congress Classification   Not For Loan Non-fiction Bishop Okullu Memorial Library (Limuru Campus) Bishop Okullu Memorial Library (Limuru Campus) Processing Center 13/04/2026 Donation- Pittsburgh 4261.00   RG661 .G37 2003 073297 13/04/2026 1 13/04/2026 Book